LEADER 01380nam a2200289 4500 001 000000356746 003 CaOOAMICUS 005 20240118113140.0 008 240115s1988 xxk 000 u eng r 020 $a0-19-826726-6 040 $aSeMil$bita 100 1 $aBrachlow, Stephen.$0(OLS)http://semarc/name/118942 245 14$aThe communion of saints :$bradical puritan and separatist ecclesiology : 1570-1625 /$cStephen Brachlow. 264 1$aOxford :$bOxford University Press,$c1988. 300 $aVIII, 293 p. ;$c23 cm 490 1 $aOxford theological monographs 650 4$aEcclesiologia e soteriologia.$0(OLS)http://semarc/subject/54984 650 4$aPuritanesimo - Sec. 16.-17.$0(OLS)http://semarc/subject/54982 650 4$aChiesa - Storia delle dottrine - Sec. 16.-17.$0(OLS)http://semarc/subject/54981 830 0$aOxford theological monographs.$0(OLS)http://semarc/title/38559 850 $aSeMil 852 $aSeMil$W1$xVenegono$y1$m2B IV 352$j246952$B247936$CSeMilBibl$Z2$F247936 $81 961 $aCitrini don Tullio - Omaggio 996 $6020$a0-19-826726-6$9(OLS)http://semarc/number/299639 996 $6245$aThe communion of saints :$bradical puritan and separatist ecclesiology : 1570-1625$9(OLS)http://semarc/title/447002 996 $6264$aOxford :$bOxford University Press$9(OLS)http://semarc/publisher/35475 LEADER 00928nam a2200217 i 4500 001 000000242197 003 CaOOAMICUS 005 20210804152623.0 008 150529s1790 it u000 u fre u 013 $a221102 026 $auxes 4.0. 7.a- 38(d (3) 1790 (R) 040 $aSeMil$bita 245 10$aTome 4. 300 $a547, [1] p. 500 $aSegn.: A-2Y6 2Z4 773 0 $aDuguet, Jacques-Joseph <1649-1733>$tConférences ecclesiastiques ou Dissertations sur les auteurs, les conciles et la discipline des premiers siecles de l'Eglise. Par feu m. l'abbé Duguet. Tome 1. [-6.].$dA Pavie : Dans l'Imprimerie du R. I. Monastère de S. Sauveur : aux dépens de Balthassar Comino, 1789-1791.$g4$w()31953 850 $aSeMil 852 $aSeMil$W1$xVenegono$y1$m3F I 533 FA$j192543$B192543$CSeMilBibl$Z2$F203354 $8I 961 $aRecupero: Deposito 996 $6245$aTome 4$9(OLS)http://semarc/title/1585